000 00421nam a2200181Ia 4500
001 22679
005 20260414150847.0
008 260414t2012||||xx |||||||||||||| ||spa||
041 _aESP
082 _a621.384
_bR29
100 _aRazavi, Behzad
_eAUT
245 0 _aRF microelectronics
_b
260 _c2012
300 _axxiv, 916 páginas :
_c26 cm.
650 _aTCA
654 _aCET
942 _cLIB
_dJUS
_fJUS
_2ddc
_n
999 _c22679
_d22679